An exceptional grace of a seeing blindman : (Record no. 8816)
[ view plain ]
| 000 -LEADER | |
|---|---|
| fixed length control field | 00788nam a22002177a 4500 |
| 008 - FIXED-LENGTH DATA ELEMENTS--GENERAL INFORMATION | |
| fixed length control field | 220207b ||||| |||| 00| 0 eng d |
| 017 ## - LEGAL DEPOSIT NUMBER | |
| Legal deposit number | 2019-2161 |
| 020 ## - INTERNATIONAL STANDARD BOOK NUMBER | |
| ISBN | 9789789632923 |
| 040 ## - CATALOGING SOURCE | |
| Original cataloging agency | NLN |
| Language of cataloging | English |
| Modifying agency | NLN |
| 100 ## - MAIN ENTRY--AUTHOR | |
| Author | ADELEYE, Kehinde O. |
| Relator term | aut |
| 245 ## - TITLE STATEMENT | |
| Title | An exceptional grace of a seeing blindman : |
| Remainder of title | the biography of Pastor/Evangelist Michael Olaosebikan Adio / |
| Statement of responsibility, etc | Kehinde O. Adeleye |
| 260 ## - PUBLICATION, DISTRIBUTION, ETC. (IMPRINT) | |
| Place of publication | Ikeja, Lagos State (Plot A, Oluwalogbon House, Obafemi Awolowo Way): |
| Name of publisher | Akoosa Publishers, |
| Date of publication | 2017 |
| 300 ## - COLLATION | |
| Pagination | 131p.: |
| Other physical details | ports.; 21cm |
| 563 ## - BINDING INFORMATION | |
| Binding note | (pbk) |
| 650 ## - TRACINGS | |
| Main Subject | Adio, Michael Olaosebikan, 1937 - |
| 650 ## - TRACINGS | |
| Main Subject | Christ Apostolic Church |
| Subdivision (1st) | Clergy |
| Subdivision (2nd) | Biography |
| 942 ## - ADDED ENTRY ELEMENTS (KOHA) | |
| Item type | Books |
| 050 ## - LIBRARY OF CONGRESS CALL NUMBER | |
| Classification number | DT515.83.A235 |
| Item number | A228 |
| 082 ## - DEWEY DECIMAL CLASSIFICATION NUMBER | |
| Classification number | 922.89 |
| Source of classification or shelving scheme | Not for loan | Home library | Current library | Date acquired | Accession No. | Full call number | Barcode. | Copy number | Koha item type |
|---|---|---|---|---|---|---|---|---|---|
| Library of Congress Classification | BENIN BRANCH | National Library of Nigeria | 07/02/2022 | 240447 | DT515.83.A235 A228 | 2022-0009 | 1 | Books | |
| Library of Congress Classification | LAFIA BRANCH | National Library of Nigeria | 07/02/2022 | 240446 | DT515.83.A235 A228 | 2022-0010 | 1 | Books | |
| Library of Congress Classification | KATSINA BRANCH | National Library of Nigeria | 08/03/2022 | 240449 | DT515.83.A235 A228 | 2022-1422 | 1 | Books |
